000
00217nam a22000857a 4500
008
170216b xxu||||| |||| 00| 0 eng d
100
_9
2888
_a
Vashishata.R.N et al
245
_a
Enlish Core-XII
260
_a
New Delhi
_b
LP
_c
2012
999
_c
6117
_d
6117